Life and works of Nawab Ali Nawaz Jung Bahadur. (Record no. 56838)

MARC details
000 -LEADER
fixed length control field 00593cam a22002171 4500
001 - CONTROL NUMBER
control field sa 64001625
003 - CONTROL NUMBER IDENTIFIER
control field DLC
005 - DATE AND TIME OF LATEST TRANSACTION
control field 20260227112003.0
008 - FIXED-LENGTH DATA ELEMENTS--GENERAL INFORMATION
fixed length control field 750611s1962 pk b 000 0beng
010 ## - LIBRARY OF CONGRESS CONTROL NUMBER
LC control number sa 64001625
035 ## - SYSTEM CONTROL NUMBER
System control number (OCoLC)1386392
040 ## - CATALOGING SOURCE
Original cataloging agency DLC
Transcribing agency NSyU
Modifying agency OCoLC
-- DLC
042 ## - AUTHENTICATION CODE
Authentication code premarc
050 00 - LIBRARY OF CONGRESS CALL NUMBER
Classification number TA140.A42
Item number M5
100 3# - MAIN ENTRY--PERSONAL NAME
Personal name Misbahuddin.
245 10 - TITLE STATEMENT
Title Life and works of Nawab Ali Nawaz Jung Bahadur.
260 ## - PUBLICATION, DISTRIBUTION, ETC.
Place of publication, distribution, etc. Hyderabad,
Name of publisher, distributor, etc. Apex Books Concern,
Date of publication, distribution, etc. 1962.
300 ## - PHYSICAL DESCRIPTION
Extent 43 p.
Dimensions 25 cm.
504 ## - BIBLIOGRAPHY, ETC. NOTE
Bibliography, etc. note Includes bibliographies.
600 00 - SUBJECT ADDED ENTRY--PERSONAL NAME
Personal name Ali Nawaz Jung,
Dates associated with a name 1877-1949.

No items available.

Powered by Koha